Personnage mystère #32 - Statistiques

Statistiques générales
  • Ce quiz a été pris 160 fois
  • Le résultat moyen est 3 sur 7
Statistiques - réponses
Lettres Indices % Correct
MARIE Maire
77%
ÇORTAF Forçat
75%
NACINE Ancien
46%
LESINUTRID Industriel
42%
BALISÉMER Misérable
33%
MÉNODEUR Émondeur
30%
Nom du personnage Jean Valjean
30%
Aucun quiz correspondant
Distribution des résultats
% des personnes avec chaque résultat
Percentile par nombre de réponses
Votre historique - résultats
Vous n’avez pas pris ce quiz